| 000 | 00472nam a22001697a 4500 | ||
|---|---|---|---|
| 005 | 20251108173224.0 | ||
| 008 | 250721s2005 xx 000 0 ara d | ||
| 082 | 1 | 4 | _a640/فرح |
| 100 | 1 | _aفرحات، وفاء | |
| 245 | 1 | 0 | _aموسوعة شؤون البيت والأسرة / |
| 264 | 1 |
_aبيروت : _bدار اليوسف، _c2005. |
|
| 300 | _a299ص | ||
| 650 | 1 | 7 | _aالمنازل |
| 650 | 1 | 7 | _aالصحة المنزلية |
| 942 |
_2ddc _cBK |
||
| 999 |
_c98883 _d98883 |
||